Music Quiz

Random Music or Decade Quiz

Rolling Stone's 100 (2000s) Quiz Stats

 Plays Quiz Updated Dec 16, 2018

Support Sporcle.
Go Orange.
Score 0/100 Timer 12:00
1 Play Today
Artist Song % Correct
Gnarls BarkleyCrazy
88%
OutkastHey Ya!
76.3%
Amy WinehouseRehab
70.1%
M.I.A.Paper Planes
62.3%
The White StripesSeven Nation Army
57.4%
50 CentIn Da Club
54.3%
EminemLose Yourself
53%
Christina AguileraBeautiful
51.9%
Beyoncé Single Ladies
49.7%
BeyoncéCrazy in Love
49.1%
Jay-Z99 Problems
48.6%
Green DayAmerican Idiot
46.8%
RihannaUmbrella
46.2%
ColdplayViva La Vida
46%
MGMTKids
45.5%
ColdplayClocks
45.3%
Kings of LeonUse Somebody
41.5%
ColdplayYellow
41.4%
Kanye WestGold Digger
41.2%
The KillersMr. Brightside
40.9%
Lady GagaPoker Face
40.1%
U2Beautiful Day
39.6%
Johnny CashHurt
38.7%
KelisMilkshake
36.9%
GorillazClint Eastwood
36%
Franz FerdinandTake Me Out
34.4%
EminemStan
33.7%
Modest MouseFloat On
33.2%
Britney SpearsToxic
32.8%
GorillazFeel Good Inc.
32.4%
U2Vertigo
32.3%
JetAre You Gonna Be My Girl
31.5%
OutKastMs. Jackson
31%
Yeah Yeah YeahsMaps
29.8%
Artist Song % Correct
Green DayBoulevard of Broken Dreams
29.8%
Kelly ClarksonSince U Been Gone
29.6%
Justin TimberlakeCry Me a River
28.3%
ColdplayThe Scientist
27.7%
MGMTTime to Pretend
26.2%
Kanye WestJesus Walks
24.8%
The StrokesLast Nite
23.6%
R. KellyIgnition (Remix)
22.4%
Alicia KeysFallin'
21.3%
Snoop DoggDrop It Like It's Hot
19.1%
Missy ElliottWork It
18.7%
OutKastB.O.B.
18.4%
Kylie MinogueCan't Get You Out of My Head
18.2%
Daft PunkOne More Time
18%
The Postal ServiceSuch Great Heights
18%
MadonnaMusic
17.9%
Queens of the Stone AgeNo One Knows
16.1%
Amy WinehouseBack to Black
16%
Missy ElliottGet Ur Freak On
15.6%
Beyoncé Irreplaceable
14.1%
Phoenix1901
13.9%
Arctic MonkeysI Bet You Look Good on the Dance Floor
13.2%
The White StripesFell In Love With a Girl
13.2%
JusticeD.A.N.C.E.
12.2%
Arcade FireWake Up
12%
Bruce SpringsteenThe Rising
11.8%
Arcade FireRebellion (Lies)
10.5%
Amerie1 Thing
10.4%
The ShinsNew Slang
10.1%
AaliyahTry Again
9.3%
The Flaming LipsDo You Realize?
9.2%
Lil WayneA Milli
8.8%
Jay-ZDirt Off Your Shoulder
8.7%
MadonnaHung Up
8.7%
Artist Song % Correct
The RootsThe Seed (2.0)
8.2%
Dixie ChicksNot Ready to Make Nice
8.1%
LCD SoundsystemDaft Punk is Playing at My House
8%
Mary J. BligeFamily Affair
8%
PinkGet The Party Started
7.6%
RadioheadIdioteque
6.1%
TV on the RadioWolf Like Me
6%
LCD SoundsystemAll My Friends
6%
The GossipStanding in the Way of Control
5.7%
RadioheadEverything in Its Right Place
5.3%
Fleet FoxesWhite Winter Hymnal
5.2%
Damian MarleyWelcome to Jamrock
5.1%
D'AngeloUntitled (How Does It Feel)
4.9%
SantigoldL.E.S. Artistes
4.9%
Jay-ZIzzo (H.O.V.A.)
4.8%
The StrokesHard to Explain
4.4%
RadioheadPyramid Song
4.3%
WilcoJesus, Etc.
4.1%
The KnifeHeartbeats
4.1%
The WalkmenThe Rat
3.9%
ClipseGrindin'
3.7%
Brad PaisleyAlcohol
3.2%
LCD SoundsystemLosing My Edge
2.9%
The RaptureHouse of Jealous Lovers
2.7%
Robert Plant and Alison KraussGone Gone Gone
2.5%
Bright EyesLua
2.5%
The Dirty ProjectorsStillness Is the Move
2.3%
Bob DylanMississippi
2.2%
U2Moment of Surrender
1.7%
Bruce SpringsteenMy City of Ruins
1.4%
MidlakeRoscoe
1.4%
Randy NewmanA Few Words in Defense of Our Country
1.1%

From the Vault

US TV Drama by Actress II

by babymonkee

Are these ladies the queens of drama or just a bunch of drama queens?
Remove Ads.
Support Sporcle.
Get the best of Sporcle when you Go Orange. This ad-free experience offers more features, more stats, and more fun while also helping to support Sporcle. Thank you for becoming a member.

Show Comments

Extras

Top Quizzes Today


Score Distribution

Your Account Isn't Verified!

In order to create a playlist on Sporcle, you need to verify the email address you used during registration. Go to your Sporcle Settings to finish the process.

Report this User

Report this user for behavior that violates our Community Guidelines.

Details: